LEADER 01217nam2-2200361li-450 001 990000122320203316 005 20180312154625.0 035 $a0012232 035 $aUSA010012232 035 $a(ALEPH)000012232USA01 035 $a0012232 100 $a20001109d1981----km-y0itay0103----ba 101 0 $aita 102 $aIT 200 1 $aCosti e benefici di un sistema informativo$ela valutazione economica dei sistemi informativi aziendali$fPiercarlo Maggiolini 210 $aMilano$cEtas Libri$d1981 215 $a252 p.$cill.$d21 cm 225 2 $a<> mondo dell'informatica$v7 410 0$10010012233$12001$a<> mondo dell'informatica 610 1 $asistemi di elaborazione valutazione econ 676 $a004.$9Informatica Scienza degli elaboratori 700 1$aMaggiolini,$bPiercarlo$0107088 801 $aSistema bibliotecario di Ateneo dell' Universitą di Salerno$gRICA 912 $a990000122320203316 951 $a004 MAG$b0003894 959 $aBK 969 $aTEC 979 $c19940207 979 $c20001110$lUSA01$h1711 979 $c20020403$lUSA01$h1620 979 $aPATRY$b90$c20040406$lUSA01$h1609 996 $aCosti e benefici di un sistema informativo$9415489 997 $aUNISA LEADER 03357nam 2200481 450 001 9910134856203321 005 20170919205242.0 010 $a3-527-68529-4 010 $a3-527-68530-8 010 $a3-527-68531-6 035 $a(CKB)4330000000010586 035 $a(EBL)4585278 035 $a(MiAaPQ)EBC4585278 035 $a(EXLCZ)994330000000010586 100 $a20160802h20162016 uy 0 101 0 $aeng 135 $aur|n|---||||| 181 $2rdacontent 182 $2rdamedia 183 $2rdacarrier 200 00$aBiofuels from lignocellulosic biomass $einnovations beyond bioethanol /$fedited by Michael Boot 210 1$aWeinheim, Germany :$cWiley-VCH Verlag GmbH & Co.,$d2016. 210 4$d©2016 215 $a1 online resource (275 p.) 300 $aDescription based upon print version of record. 311 $a3-527-33813-6 320 $aIncludes bibliographical references and index. 327 $aTitle Page; Copyright; Table of Contents; List of Contributors; Preface; Acknowledgments; Chapter 1: Fuels and Combustion; 1.1 Introduction; 1.2 The Options; 1.3 Spark Ignition; 1.4 Compression Ignition; 1.5 Highly Diluted Autoignition, HCCI; 1.6 Other Combustion Concepts; 1.7 Summary of Combustion Processes; References; Chapter 2: Fuel Class Higher Alcohols; 2.1 Introduction and Fuel Properties; 2.2 Performance in Spark-Ignition Engines; 2.3 Performance in Compression-Ignition Engines; 2.4 Production Pathways; 2.5 Outlook; 2.6 Conclusions; References; Chapter 3: Fuel Class Valerates 327 $a3.1 Introduction and Fuel Properties3.2 Performance in Spark-Ignition Engines; 3.3 Performance in Compression-Ignition Engines; 3.4 Production Pathways; 3.5 Outlook; 3.6 Conclusions; Acknowledgments; References; Chapter 4: Butyl Ethers and Levulinates; 4.1 Introduction and Fuel Properties; 4.2 Performance in Compression-Ignition Engines; 4.3 Production Pathways; 4.4 Outlook; 4.5 Conclusions; References; Chapter 5: A Comprehensive Review of 2,5-Dimethylfuran as a Biofuel Candidate; 5.1 Introduction to DMF; 5.2 Production Pathways; 5.3 Performance in Spark-Ignition Engines 327 $a5.4 Performance in Compression-Ignition Engines5.5 Outlook; 5.6 Conclusions; References; Chapter 6: Furanoids; 6.1 Introduction and Fuel Properties; 6.2 Performance in Spark-Ignition Engines; 6.3 Performance in Compression-Ignition Engines; 6.4 Production Pathways; 6.5 Outlook; 6.6 Conclusions; References; Chapter 7: Benzenoids; 7.1 Introduction; 7.2 Overview of Neat Fuel properties; 7.3 Performance in Compression-Ignition Engines; 7.4 Performance in Spark-Ignition Engines; 7.5 Production Pathways; 7.6 Outlook and Conclusions; References; Chapter 8: Biomass Pyrolysis Oils 327 $a8.1 Introduction and Fuel Properties8.2 Performance Spark-Ignition Engines; 8.3 Performance in Compression-Ignition Engines; 8.4 Production Pathways from Pyrolysis Oil; 8.5 Outlook; 8.6 Conclusions; References; Index; End User License Agreement 606 $aLignocellulose$xBiodegradation 608 $aElectronic books. 615 0$aLignocellulose$xBiodegradation. 676 $a661.802 702 $aBoot$b Michael 801 0$bMiAaPQ 801 1$bMiAaPQ 801 2$bMiAaPQ 906 $aBOOK 912 $a9910134856203321 996 $aBiofuels from lignocellulosic biomass$92132582 997 $aUNINA LEADER 01009nam0-22003491i-450 001 990001452540403321 005 20240708155902.0 035 $aFED01000145254 035 $a(Aleph)000145254FED01 035 $a000145254 100 $a20000920d1962----km-y0itay50------ba 101 0 $aeng 102 $aUS 105 $aa---a---001yy 200 1 $aBiochemical Applications of Gas Chromatography$fH.P. Burchfield, Eleanor E. Storrs 210 $aNew York$cAcademic Press$d1962 215 $axviii, 680 p.$cill.$d25 cm 610 0 $aTecniche di laboratorio 676 $a544.92$v23$zita 700 1$aBurchfield,$bH.P.$0351467 702 1$aStorrs,$bEleanor E. 801 0$aIT$bUNINA$gRICA$2UNIMARC 901 $aBK 912 $a990001452540403321 952 $aDCH-068-13$b8584$fDCH 952 $a5 V 6$b11847$fDBV 952 $aA MIC 2667$b9635/2024$fFAGBC 959 $aDCH 959 $aDBV 959 $aFAGBC 996 $aBiochemical Applications of Gas Chromatography$9373659 997 $aUNINA